Detekcia objektov prostredníctvom radarov s veľkým dosahom

Saved in:
Bibliographic Details
Main Author: Višvader, Thomas (Author)
Other Authors: Horvát, František (Thesis advisor)
Format: Manuscript Book
Language:Slovak
Published: 2022
Subjects:
Online Access:http://is.stuba.sk/zp/portal_zp.pl?podrobnosti=155212
Tags: Add Tag
No Tags, Be the first to tag this record!

MARC

LEADER 00000ntm a22000003a 4500
001 stuzp88116
003 SK-STU
005 20220625211117.6
007 ta
008 150427s2015----xo-----f-mn---000-0-slo-d
040 |a STU  |b slo 
041 0 |a slo 
100 1 |a Višvader, Thomas  |u 070200  |4 aut  |U FIIT Fakulta informatiky a informačných technológií  |T FIIT Ústav informatiky, informačných systémov a softvérového inžinierstva  |X 103179  |U I200  |Y 179  |7 103179 
242 0 1 |a Detection of objects using long range radars  |y eng 
245 1 0 |a Detekcia objektov prostredníctvom radarov s veľkým dosahom 
260 |c 2022 
650 4 |a FMCW radar  |2 slo 
650 4 |a rozlišovanie objektov  |2 slo 
650 4 |a analýza frekvenčného spektra  |2 slo 
650 4 |a FMCW radar  |2 eng 
650 4 |a object resolution  |2 eng 
650 4 |a frequency spectrum analysis  |2 eng 
700 1 |a Horvát, František  |u 070200  |k Z1  |4 ths  |U FIIT Fakulta informatiky a informačných technológií  |T FIIT Ústav informatiky, informačných systémov a softvérového inžinierstva  |X 44926  |U I200  |Y 179  |7 A000044926 
856 4 |u http://is.stuba.sk/zp/portal_zp.pl?podrobnosti=155212